000
00314nam a2200133Ia 4500
005
20251222143117.0
008
251222s9999||||xx |||||||||||||| ||spa||
020
_a
84-220-1106-9
082
_a
249.76/E91
100
_a
Esquerda Bifet, Juan
245
0
_a
El Sacerdocio Hoy:
264
_b
Católica
942
_c
LIB
999
_c
11383
_d
11383